Countries that Beat Iceland - Statistics

General Stats
  • This quiz has been taken 43,153 times
    42,385 since last reset
  • The average score is 11 of 16
Answer Stats
Rank Category Countries % Correct
3 Westernmost country settled by Vikings Canada | Denmark (Greenland)
96%
6 Highest life expectancy Monaco | Singapore | Japan | Canada | San Marino
96%
14 Lowest murder rate, 2000–2023 Vatican City | Japan | San Marino | Singapore | Qatar | Monaco | Norway | Austria | Bahrain | Switzerland | Spain | Denmark | Indonesia
90%
7 Most volcano deaths since 141 B.C. Indonesia | El Salvador | France (Martinique) |Colombia | Japan | Guatemala
87%
10 Tallest people Netherlands | Latvia | Estonia | Denmark |Czech Republic | Serbia | Belgium | Slovakia | Bosnia and Herzegovina
86%
4 Least densely populated Mongolia | Australia | Namibia
81%
3 Smallest country starting with I Israel | Ireland
78%
5 Richest island country based onper-capita income (PPP, 2025) Singapore | Ireland | Brunei | Taiwan
73%
5 Most Nobel laureates per-capita St. Lucia | Luxembourg | Switzerland | Sweden
66%
6 Most recently-settled by humans Seychelles | Mauritius | São Tomé and Príncipe | Cape Verde | New Zealand
64%
3 Coldest capital city Mongolia | Kazakhstan
63%
3 Most heavy metal bands per capita Sweden | Finland
61%
7 Highest cheese production per capita Denmark | New Zealand | Ireland | Netherlands | Lithuania | Estonia
57%
9 Least percentage of territory that is forested
* excluding countries < 100 sq. km
Egypt | Saudi Arabia | Libya | Djibouti | Oman | Turkmenistan | Jordan | Mauritania
54%
5 Most populous with NO military Costa Rica | Panama | Mauritius | Solomon Islands
48%
2 Highest average prices
* excluding countries < 50,000 people
Norway
40%
No matching quizzes found
Score Distribution
Percent of People with Each Score
Percentile by Number Answered
Your Score History
You have not taken this quiz since the last reset